000 01577cam a2200229 4500
008 030708n2003 000 0 eng u
035 _a(Sirsi) u122961
245 _aKeeping a clean sheet
260 _c2003
490 _aRICS Press Release
_v(pr069) 8 July 2003 (2)
520 _aNew research commissioned by RICS Management Consultancy Faculty and published in conjunction with Cranfield University highlights compelling reasons why surveyors should spend more time considering the possibilities of conflicts of interest inherent in their rapidly changing profession. "Organising change: conflicts and dilemmas in surveying and consultancy" recommends that property firms should focus on ethical issues and review their ethical policies. RICS should publish 'good practice' case studies to assist firms with ethical policies and establish an ethical appeals panel for clients. An executive summary is available at http://www.rics.org/ricscms/bin/show?class=ResearchReports&template=/includes/showresearch.html&id=54&faculty=Management%20Consultancy&faculty=All%20Faculties. http://www.rics.org/ricscms/bin/show?class=PressRelease&template=/includes/showpr.html&id=953&faculty=Management%20Consultancy&faculty=All%20Faculties
590 _aWB
650 _aCONFLICT OF INTERESTS
650 _aSURVEYORS
650 _aManagement consultancy
_96255
650 _aCORPORATE ACCOUNTABILITY
650 _aREAL ESTATE CONSULTANCY
650 _aCONSULTANCY SERVICES
650 _aETHICS
690 _aMANAGEMENT-BUSINESS MANAGEMENT-PROFESSIONAL PRACTICE
942 _n0
999 _c73013
_d73013